| 000 | 00868nam a22002897a 4500 | ||
|---|---|---|---|
| 001 | 00260 | ||
| 003 | DO-SdBNP | ||
| 005 | 20151119130323.0 | ||
| 007 | 00260 | ||
| 008 | 151119b 2004 sp xxu||||| |||| 00| 0 spa d | ||
| 020 | _a8467016311 | ||
| 040 |
_aBPMSU _bspa _cBPMSU |
||
| 092 |
_axxxxx _bxxxxx |
||
| 100 | 1 |
_aRostand, Edmond, _41868-1918. |
|
| 245 | 1 | 0 |
_aCyrano de Bergerac / _cEdmond Rostand ; prólogo Jesús Pardo ; introducción Luis Vía, José O. Martí y Emilio Tintorer. |
| 260 |
_aPozuelo de Alarcón, Madrid : _bEspasa Calpe, _c2004. |
||
| 300 |
_av. _c18 cm. |
||
| 490 | 1 | _a austral | |
| 700 | 1 | 2 |
_aPardo, Jesús, _epról. |
| 700 | 1 | 2 |
_aVía, Luis, _eintrod. |
| 700 | 1 | 2 |
_aTintorer, Emilio, _eintrod. |
| 700 | 1 | 2 |
_aMartí, José O., _eintrod. |
| 830 | _aAustral | ||
| 910 | _a00260 | ||
| 942 |
_2ddc _cBK |
||
| 956 |
_aLorenza Pérez _b10 |
||
| 999 |
_c8817 _d8817 |
||